00373cam a22001217a 4500008004000000100002100040245003700061260003900098300001000137650001100147999001900158952007400177180718b1996 xxu||||| |||| 00| 0 eng d aRai, Lala Lajpat aDukhi bharatcby Lala Lajpat Rai aNew DelhibBajrang Prakashanc1996 a406p. aBharat c439214d439214 00104070aIIPAbIIPAd2010-04-26p72273r2018-07-21w2018-07-21yBK